| 000 | 00554nam a22001577a 4500 | ||
|---|---|---|---|
| 003 | NUST | ||
| 082 | _a200 | ||
| 100 |
_aNaeem, Arslan _9119910 |
||
| 245 |
_aTowards a Fall Detection System: A Deep Learning and Wearable Sensors Approach for the Internet-of-Healthcare-Things Applications/ _cArslan Naeem |
||
| 264 |
_aIslamabad _bSEECS _c2023 |
||
| 300 |
_aill: _b68,p: _c30,cm. |
||
| 690 |
_zMS- Data Science _9123017 |
||
| 700 |
_aSupervisor: Dr. Qaiser Riaz _996872 |
||
| 856 | _uhttp://10.250.8.41:8080/xmlui/handle/123456789/37852 | ||
| 942 |
_2ddc _cSC |
||
| 999 |
_c607426 _d607426 |
||